ARRUPE JESUIT UNIVERSITY

CORONAVIRUS -STOP THE SPREAD - CLEAN,DISINFECT,COVER

100 Millionen Aubenseiter (Record no. 125492)

MARC details
000 -LEADER
fixed length control field 00405nam a22001337a 4500
008 - FIXED-LENGTH DATA ELEMENTS--GENERAL INFORMATION
fixed length control field 161013b xxu||||| |||| 00| 0 eng d
050 ## - LIBRARY OF CONGRESS CALL NUMBER
Classification number DS806.V3
100 ## - MAIN ENTRY--PERSONAL NAME
Personal name Vahlefeld, Hans Wilhelm
9 (RLIN) 26678
245 ## - TITLE STATEMENT
Title 100 Millionen Aubenseiter
Remainder of title Die neue Weltmacht Japan
Statement of responsibility, etc Hans Wilhelm Vahlefeld
260 ## - PUBLICATION, DISTRIBUTION, ETC. (IMPRINT)
Place of publication, distribution, etc Wien
Name of publisher, distributor, etc Econ Verlag
Date of publication, distribution, etc 1969
300 ## - PHYSICAL DESCRIPTION
Extent 334p.
Dimensions 22cm.
650 ## - SUBJECT ADDED ENTRY--TOPICAL TERM
Topical term or geographic name as entry element Japan
9 (RLIN) 26679
942 ## - ADDED ENTRY ELEMENTS (KOHA)
Source of classification or shelving scheme Library of Congress Classification
Item type Monograph ( Printed materials)
Holdings
Withdrawn status Lost status Source of classification or shelving scheme Damaged status Not for loan Collection code Home library Current library Shelving location Date acquired Total Checkouts Full call number Barcode Date last seen Price effective from Koha item type
    Library of Congress Classification     Main Collection ARRUPE LIBRARY ARRUPE LIBRARY Main Collection 13/10/2016   DS806.V3 46500010593 04/12/2017 13/10/2016 Monograph ( Printed materials)

 

Arrupe Library. PO Box MP320 Mt Pleasant, Harare, Zimbabwe
263 242 745411|librarian@aju.ac.zw